| 000 | 00367nam a2200145Ia 4500 | ||
|---|---|---|---|
| 008 | 260319s9999 xx 000 0 und d | ||
| 020 | _a9.7881224307e+012 | ||
| 082 |
_a621.3 _bTIW/B |
||
| 100 | _aTiwari,J P | ||
| 245 | 0 | _aBasic Electrical Engineering | |
| 250 | _a2nd Edition | ||
| 260 |
_aNew Delhi _bNew Age International _c2012 |
||
| 300 | _a810p. | ||
| 942 | _cBK | ||
| 999 |
_c51377 _d51377 |
||